000 00800nam a22002777a 4500
001 0014684
003 KOHA_MİRAKIL
005 20260207002004.0
007 ta
008 100308b2007 tu |||gr||||#||||0|tur |
020 _a9789750104909
040 _aTR-BiSEU
_btur
_cTR-BiSEU
_erda
041 0 _atur
044 _ctu
050 _aJA76
_b.M39 2007
100 0 _aOdabaşoğlu,İskender.
245 1 _aBu gözün gördükleri/
_cOdabaşoğlu,İskender ; İskender Odabaşoğlu.
264 1 _aİzmir :
_bTicaret Gazetesi Yayınları
_c2007
300 _a219 sayfa; 21 cm.
336 _ametin
_btxt
_2rdacontent
337 _aaracısız
_bn
_2rdamedia
338 _acilt
_bnc
_2rdacarrier
650 0 _aPolitical science.
_98744
650 0 _aSiyasi Yazılar.
_934219
942 _2lcc
_cBK
999 _c14647
_d14647